000 00611nam a2200193Ia 4500
005 20260114185706.0
008 008 260114s9999 xx 000 0 eng d
020 _a9780755625246
037 _aEBOOK
040 _aCRL
_beng
_cCRL
041 _aeng
_2eng
084 _qCRL
100 _aKenneth Hopper and William Hopper
_9873208
245 4 _aThe Puritan Gift Reclaiming the American Dream Amidst Global Financial Chaos
260 _bBloomsbury
_c2007
856 _uhttps://doi.org/10.5040/9780755625246?locatt=label:secondary_bloomsburyCollections
942 _cEBOOK
999 _c1472156
_d1472156